Statistics for Western Africa capital cities

Click here to take the quiz!

General Stats

  • This quiz has been taken 63 times
  • The average score is 8 of 16

Answer Stats

HintAnswer% Correct
Guinea-BissauBissau
75%
SenegalDakar
75%
Sierra LeoneFreetown
75%
NigeriaAbuja
67%
GhanaAccra
50%
TogoLomé
50%
Burkina FasoOuagadougou
50%
BeninPorto Novo
50%
MaliBamako
42%
LiberiaMonrovia
42%
NigerNiamey
42%
GuineaConakry
33%
MauritaniaNouakchott
33%
Cape VerdePraia
33%
Ivory CoastYamoussoukro
33%
Gambia
Banjul
25%

Score Distribution

Percentile by Number Answered

Percent of People with Each Score

Your Score History

You have not taken this quiz